Statistiques concernant Culture Générale - Série 494

Cliquez ici pour prendre le quiz!

Statistiques générales

  • Ce quiz a été pris 180 fois
  • Le résultat moyen est 5 sur 10

Statistiques - réponses

QuestionRéponse% Correct
De quel pays la Franche‐Comté est‐elle frontalière ?Suisse
98%
Quel grand voyageur Gérard Depardieu a‐t‐il interprété dans le film "1492" ?Christophe Colomb
92%
Quel massif montagneux est commun à la Franche‐Comté et à la Lorraine ?Vosges
92%
En 1968, quelle ville de Haute‐Saône donne son nom à une chanson de Jacques Brel ?Vesoul
65%
Lequel des Depardieu a publié en 2004 le livre intitulé "Tout donner" ?Guillaume
49%
Quel guitariste de jazz connaît le succès en chantant "Scoubidou" en 1958 ?Sacha Distel
43%
A quel sculpteur doit‐on la statue du "Lion de Belfort" ?Frédéric Bartholdi
31%
En 1982, quel chanteur interprète "Le Petit Ane gris" ?Hugues Aufray
29%
Quel écrivain, auteur de "La Jument verte", a refusé en 1950 de porter l'habit vert de l'Académie française ?Marcel Aymé
28%
A quel philosophe est associée la fable de l'âne hésitant entre une botte de foin et et un seau d'eau ?Jean Buridan
9%

Distribution des résultats

Percentile par nombre de réponses

% des personnes avec chaque résultat

Votre développement - résultats

Vous n’avez pas pris ce quiz